<?xml version="1.0" encoding="UTF-8"?><?xml-stylesheet type="text/xsl" href="static/style.xsl"?><OAI-PMH xmlns="http://www.openarchives.org/OAI/2.0/" xmlns:xsi="http://www.w3.org/2001/XMLSchema-instance" xsi:schemaLocation="http://www.openarchives.org/OAI/2.0/ http://www.openarchives.org/OAI/2.0/OAI-PMH.xsd"><responseDate>2026-04-13T05:54:50Z</responseDate><request verb="GetRecord" identifier="oai:www.recercat.cat:10459.1/47826" metadataPrefix="marc">https://recercat.cat/oai/request</request><GetRecord><record><header><identifier>oai:recercat.cat:10459.1/47826</identifier><datestamp>2024-12-05T21:28:15Z</datestamp><setSpec>com_2072_3622</setSpec><setSpec>col_2072_479130</setSpec></header><metadata><record xmlns="http://www.loc.gov/MARC21/slim" xmlns:dcterms="http://purl.org/dc/terms/" xmlns:xsi="http://www.w3.org/2001/XMLSchema-instance" xmlns:doc="http://www.lyncode.com/xoai" xsi:schemaLocation="http://www.loc.gov/MARC21/slim http://www.loc.gov/standards/marcxml/schema/MARC21slim.xsd">
   <leader>00925njm 22002777a 4500</leader>
   <datafield ind2=" " ind1=" " tag="042">
      <subfield code="a">dc</subfield>
   </datafield>
   <datafield ind2=" " ind1=" " tag="720">
      <subfield code="a">Oró Prim, Eduard</subfield>
      <subfield code="e">author</subfield>
   </datafield>
   <datafield ind2=" " ind1=" " tag="720">
      <subfield code="a">Castell, Albert</subfield>
      <subfield code="e">author</subfield>
   </datafield>
   <datafield ind2=" " ind1=" " tag="720">
      <subfield code="a">Chiu, Justin</subfield>
      <subfield code="e">author</subfield>
   </datafield>
   <datafield ind2=" " ind1=" " tag="720">
      <subfield code="a">Martin, Viktoria</subfield>
      <subfield code="e">author</subfield>
   </datafield>
   <datafield ind2=" " ind1=" " tag="720">
      <subfield code="a">Cabeza, Luisa F.</subfield>
      <subfield code="e">author</subfield>
   </datafield>
   <datafield ind2=" " ind1=" " tag="260">
      <subfield code="c">2015-02-03T10:16:35Z</subfield>
   </datafield>
   <datafield ind2=" " ind1=" " tag="260">
      <subfield code="c">2025-01-01</subfield>
   </datafield>
   <datafield ind2=" " ind1=" " tag="260">
      <subfield code="c">2013</subfield>
   </datafield>
   <datafield ind2=" " ind1=" " tag="520">
      <subfield code="a">District cooling and heating networks are increasing in many countries, especially in the Scandinavian&#xd;
countries. Some of the systems have become small for the needs of the population and they have to be&#xd;
enhanced in order to reach the cooling or heating necessities. Here, thermal energy storage system of&#xd;
a district cooling network is studied. Phase change material (PCM) is used in order to enhance the energy&#xd;
density and the stratification of the water tank. The experimental set up consists mainly of a cylindrical&#xd;
storage tank with a capacity of 3.73 L filled with spherically encapsulated PCM. The PCM used is PK6 from&#xd;
Rubitherm GmbH with a storage capacity of 175 kJ/kg between  2  C and 13  C. Many methods to characterize&#xd;
water tank stratification, such as graphical (dimensional and non-dimensional) and numerical&#xd;
figures based on temperature distribution (degree of stratification, first law efficiencies, second law efficiencies,&#xd;
other efficiencies as MIX number), are used to analysed and characterized two storage tanks, one&#xd;
of them with the inclusion of PCM packed bed during both charging and discharging processes.</subfield>
   </datafield>
   <datafield ind2=" " ind1=" " tag="520">
      <subfield code="a">The work is partially funded by the Spanish government (ENE2011-22722). The authors would like to thank the Catalan Government for the quality accreditation given to their research group GREA (2009 SGR 534). Eduard Oró would like to thank the University of Lleida for his research fellowship and the COST Action TU0802 for his STSM fellowship. Swedish Energy Agency is acknowledged for their financial support.</subfield>
   </datafield>
   <datafield ind1="8" ind2=" " tag="024">
      <subfield code="a">http://hdl.handle.net/10459.1/47826</subfield>
   </datafield>
   <datafield tag="653" ind2=" " ind1=" ">
      <subfield code="a">District cooling</subfield>
   </datafield>
   <datafield tag="653" ind2=" " ind1=" ">
      <subfield code="a">Thermal energy storage</subfield>
   </datafield>
   <datafield tag="653" ind2=" " ind1=" ">
      <subfield code="a">Phase change material</subfield>
   </datafield>
   <datafield ind2="0" ind1="0" tag="245">
      <subfield code="a">Stratification analysis in packed bed thermal energy storage systems</subfield>
   </datafield>
</record></metadata></record></GetRecord></OAI-PMH>